| 000 | 01752cam a22004214i 4500 | ||
|---|---|---|---|
| 003 | PE-LiUPU | ||
| 005 | 20250731173211.0 | ||
| 008 | 150625s1961 ag r 000 0 spa d | ||
| 035 | _a(Sirsi) a32288 | ||
| 040 |
_aPE-LiUPU _bspa _cPE-LiUPU _erda |
||
| 049 | _aPRUA | ||
| 082 | 0 | 4 |
_a200 _bV69 _221 |
| 100 | 1 |
_aVijoyananda, Swami, _eautor. |
|
| 245 | 1 | 0 |
_aAsi habló Jesucristo / _cSwami Vijoyananda. |
| 264 | 1 |
_aArgentina : _bKier, _c1961. |
|
| 336 |
_atext _2rdacontent |
||
| 337 |
_aunmediated _2rdamedia |
||
| 338 |
_avolume _2rdacarrier |
||
| 505 | 0 | _aNiñez y juventud de Jesucristo -- Juan el bautista, maestro de Jesús -- La transfiguración -- Cristo, el vencedor de satanás -- El mensajero anunciado -- Arrepentíos, que el reino de los cielos se ha acercado -- Dios es espíritu -- El reino de Dios no vendrá con advertencia -- Yo y el Padre una cosa somos -- La hora viene -- Cristo prepara a sus discípulos para la verdad suprema -- Pedid, y recibiréis -- Padre, perdónalos, porque no saben lo que hacen. | |
| 526 | _aSEG42 | ||
| 526 | _aSEG41 | ||
| 526 | _aSEG40 | ||
| 526 | _aSEG39 | ||
| 526 | _aP94 | ||
| 526 | _aP87 | ||
| 526 | _aP86 | ||
| 526 | _aP85 | ||
| 526 | _aP77 | ||
| 526 | _aP76 | ||
| 526 | _aP35 | ||
| 600 | 1 | 4 |
_aJesucristo _xEnseñanzas. _9933 |
| 942 |
_2ddc _cBOOK |
||
| 949 |
_a200 V69 _wDEWEY _c1 _i07167 _lCCODEBUL1 _mBUL _p00.00 _r0 _sY _tBOOK _u2015-06-25 _xBIBLIOTECA _zUNKNOWN _0COMPRA _o.STAFF. Colección General |
||
| 994 |
_aC0 _bPEPRU |
||
| 596 | _a1 | ||
| 999 |
_a200 V69 _wDEWEY _c39923 _i07167 _f2021-11-11 _g5 _lCCODEBUL1 _mBUL _r0 _sY _tBOOK _u2015-6-25 _xTEOLOGIA _PP35 _0COMPRA _o.STAFF. Colección Teología _d39923 |
||
| 980 |
_81 _gALBERTO SANCHEZ Responsable de Automatización |
||